| 000 | 00704nam a2200253Ia 4500 | ||
|---|---|---|---|
| 003 | OSt | ||
| 005 | 20221005084313.0 | ||
| 006 | a|||||r|||| 00| 0 | ||
| 007 | ta | ||
| 008 | 221004b |||||||| |||| 00| 0 eng d | ||
| 020 | _a0130887897 | ||
| 024 | _a78198 | ||
| 037 | _cTextual | ||
| 040 |
_aCRL _cCRL _beng |
||
| 041 |
_2eng _aeng |
||
| 082 | _aV:19, P2 | ||
| 100 |
_aHook Steven W Ed. _9453553 |
||
| 245 | 0 |
_aComparative foreign policy _b Adaptation strategies of the great and emerging powers |
|
| 260 |
_aNew Jersey _bUpper saddle river _c2002 |
||
| 300 |
_a288p. _ccm. |
||
| 650 | _aHISTORY | ||
| 942 |
_hV:19, P2 _cTEXL _2cc |
||
| 999 |
_c992413 _d992413 |
||